| 000 | 00729nac a22001811u 4500 | ||
|---|---|---|---|
| 008 | 090318s2004 ua|||||r|||| 00| 0 ara d | ||
| 020 | _a977091083x | ||
| 082 |
_a956.04 _bه ي ك |
||
| 245 |
_aحرب الثلاثين سنة: _bاكتوبر 73 السلاح والسياسة / _cمحمد حسنين هيكل |
||
| 260 |
_aالقاهرة : _bدار الشروق ، _c2004 |
||
| 300 |
_a1179 ص ؛ _c25سم |
||
| 650 |
_aحرب اكتوبر _915892 _y1973 |
||
| 651 |
_929242 _aمصر _xتاريخ _yالعصر الحديث -- أنور السادات 1971-1981 |
||
| 942 |
_cBB _k956.04ه ي ك _2ddc _hRDA-MOD |
||
| 999 |
_c3775 _d3775 |
||
| 336 |
_2rdacontent _aنص _btxt |
||
| 337 |
_aبدون وسيط _2rdamedia _bn |
||
| 338 |
_aمجلد _bnc _2rdacarrier |
||